Most Populated Countries Containing 'U' - Statistics

General Stats
  • This quiz has been taken 332 times
  • The average score is 15 of 20
Answer Stats
Population Country % Correct
322 mil. United States
99%
64 mil. United Kingdom
98%
146 mil. Russia
91%
54 mil. South Africa
83%
34 mil. Uganda
83%
23 mil. Australia
82%
51 mil. South Korea
82%
42 mil. Ukraine
82%
77 mil. Turkey
80%
38 mil. Sudan
79%
31 mil. Uzbekistan
79%
31 mil. Saudi Arabia
78%
77 mil. D.R. Congo
77%
31 mil. Peru
71%
30 mil. Venezuela
69%
16 mil. Guatemala
59%
16 mil. Ecuador
52%
18 mil. Burkina Faso
47%
25 mil. Mozambique
46%
53 mil. Burma
40%
No matching quizzes found
Score Distribution
Percent of People with Each Score
Percentile by Number Answered
Your Score History
You have not taken this quiz